[Event "Barcelona Vila Gracia Seniors 55 op 3rd"]
[Site "Barcelona"]
[Date "2016.04.25"]
[Round "6.9"]
[White "Segura Vila, Juan L"]
[Black "Cabrera Marmol, Manel"]
[Result "1/2-1/2"]
[WhiteElo "1964"]
[BlackElo "1814"]
[PlyCount "96"]
[EventDate "2016.03.07"]
[EventType "swiss"]
[EventRounds "8"]
[EventCountry "ESP"]
[SourceTitle "EXT 2024"]
[Source "ChessBase"]
[SourceDate "2023.10.10"]
[SourceVersion "1"]
[SourceVersionDate "2023.10.10"]
[SourceQuality "1"]

1. e4 e5 2. Nf3 Nf6 3. Nxe5 d6 4. Nxf7 Kxf7 5. d4 Be7 6. Bc4+ Be6 7. Bxe6+ Kxe6 8. f4 h5 9. Qf3 d5 10. f5+ Kf7 11. e5 Ne4 12. Nd2 Nc6 13. c3 Bg5 14. Nxe4 Bxc1 15. Rxc1 dxe4 16. Qxe4 Rh6 17. 0-0 Kg8 18. Rf3 Qg5 19. Rcf1 h4 20. h3 Rf8 21. Rf4 Kh8 22. Rg4 Qe7 23. Rff4 g5 24. fxg6 Rxf4 25. Qxf4 Kg7 26. Qf5 b5 27. Qg5 Qf8 28. Qf4 Nd8 29. d5 Qe8 30. e6 Qe7 31. Qe5+ Kg8 32. Rg5 Nb7 33. Rh5 Rxh5 34. Qxh5 Nd6 35. Qe5 Ne8 36. Qf4 Nd6 37. g3 hxg3 38. h4 Qf8 39. Qxf8+ Kxf8 40. h5 Ne4 41. h6 Nd6 42. Kg2 Nf5 43. h7 Kg7 44. Kh3 Ne7 45. Kxg3 Nxd5 46. Kg4 Ne7 47. Kg5 Nxg6 48. Kf5 Kxh7 1/2-1/2

[Event "Barcelona Vila Gracia Seniors 55 op 3rd"]
[Site "Barcelona"]
[Date "2016.04.11"]
[Round "4.9"]
[White "Real Pons, Joan"]
[Black "Segura Vila, Juan L"]
[Result "1-0"]
[WhiteElo "1835"]
[BlackElo "1964"]
[PlyCount "38"]
[EventDate "2016.03.07"]
[EventType "swiss"]
[EventRounds "8"]
[EventCountry "ESP"]
[SourceTitle "EXT 2024"]
[Source "ChessBase"]
[SourceDate "2023.10.10"]
[SourceVersion "1"]
[SourceVersionDate "2023.10.10"]
[SourceQuality "1"]

1. b4 f5 2. Bb2 Nf6 3. e3 d6 4. Nf3 e5 5. Be2 Be7 6. 0-0 0-0 7. d3 b6 8. Nbd2 Bb7 9. c4 Nbd7 10. Ng5 Qe8 11. Ne6 Qg6 12. g3 Rfc8 13. Bf3 c6 14. d4 Ne4 15. Nxe4 fxe4 16. Bg4 h5 17. Bh3 h4 18. dxe5 hxg3 19. hxg3 Qh6 1-0

[Event "Barcelona Seniors 55 op 2nd"]
[Site "Barcelona"]
[Date "2015.04.13"]
[Round "4"]
[White "Daguro Dasalla, Armando"]
[Black "Segura Vila, Juan L"]
[Result "1-0"]
[WhiteElo "2179"]
[BlackElo "2067"]
[PlyCount "75"]
[EventDate "2015.03.16"]
[EventType "swiss"]
[EventRounds "8"]
[EventCountry "ESP"]
[SourceTitle "EXT 2016"]
[Source "ChessBase"]
[SourceDate "2015.10.08"]
[SourceVersion "1"]
[SourceVersionDate "2015.10.08"]
[SourceQuality "1"]

1. d4 f5 2. Nc3 Nf6 3. Bg5 e6 4. e4 fxe4 5. Nxe4 Be7 6. Bd3 Nxe4 7. Bxe7 Qxe7 8. Bxe4 0-0 9. Qd2 d5 10. Bd3 e5 11. 0-0-0 exd4 12. Re1 Qf6 13. Nf3 c5 14. Ng5 g6 15. h4 c4 16. Be2 h6 17. Bf3 Nc6 18. Bxd5+ Kg7 19. Ne4 Qf4 20. Bxc4 Qxd2+ 21. Kxd2 Bf5 22. f3 Ne5 23. Bb3 b5 24. Nd6 Nc6 25. Bd5 Bd7 26. Bxc6 Bxc6 27. Re7+ Kg8 28. Rhe1 Rf6 29. Ne4 Rf4 30. Nd6 Bd5 31. R1e5 Bxa2 32. b3 a5 33. R5e6 a4 34. Rxg6+ Kf8 35. Rh7 axb3 36. cxb3 Ra6 37. Rh8+ Ke7 38. Nc8+ 1-0

[Event "Barcelona Vila de Gracia Seniors 55+ op"]
[Site "Barcelona"]
[Date "2014.04.07"]
[Round "4"]
[White "Segura Vila, Juan L"]
[Black "Pereda Villalba, Julian"]
[Result "1-0"]
[WhiteElo "2074"]
[BlackElo "1958"]
[PlyCount "91"]
[EventDate "2014.03.17"]
[EventType "swiss"]
[EventRounds "8"]
[EventCountry "ESP"]
[SourceTitle "EXT 2015"]
[Source "ChessBase"]
[SourceDate "2014.11.20"]
[SourceVersion "1"]
[SourceVersionDate "2014.11.20"]
[SourceQuality "1"]

1. e4 e5 2. Nf3 Nc6 3. d4 exd4 4. c3 d6 5. Bc4 Be6 6. Bxe6 fxe6 7. Qb3 Qc8 8. Ng5 Nd8 9. cxd4 Be7 10. 0-0 Nh6 11. f4 Nhf7 12. Nc3 0-0 13. Nxf7 Nxf7 14. Be3 c6 15. Rf3 d5 16. Raf1 Nd6 17. e5 Nf5 18. Bf2 c5 19. Nxd5 exd5 20. Qxd5+ Kh8 21. dxc5 Qc6 22. Qc4 b5 23. Qc2 Rad8 24. b4 Qd5 25. Qe2 Nd4 26. Bxd4 Qxd4+ 27. Kh1 Qc4 28. Qxc4 bxc4 29. Rc3 Rd4 30. g3 Rb8 31. a3 a5 32. bxa5 Bxc5 33. Rfc1 Rb5 34. a6 Kg8 35. Rxc4 Rxc4 36. Rxc4 Bxa3 37. Ra4 Rb1+ 38. Kg2 Bc5 39. a7 Bxa7 40. Rxa7 g6 41. Kf3 h5 42. h3 Rb3+ 43. Ke4 Rxg3 44. e6 Rg1 45. Ke5 h4 46. Kf6 1-0

[Event "Barcelona Vila de Gracia Seniors 55+ op"]
[Site "Barcelona"]
[Date "2014.03.24"]
[Round "2"]
[White "Massanet Miret, Pere"]
[Black "Segura Vila, Juan L"]
[Result "0-1"]
[WhiteElo "1930"]
[BlackElo "2074"]
[PlyCount "54"]
[EventDate "2014.03.17"]
[EventType "swiss"]
[EventRounds "8"]
[EventCountry "ESP"]
[SourceTitle "EXT 2015"]
[Source "ChessBase"]
[SourceDate "2014.11.20"]
[SourceVersion "1"]
[SourceVersionDate "2014.11.20"]
[SourceQuality "1"]

1. d4 f5 2. Nf3 Nf6 3. Bf4 e6 4. e3 b6 5. c4 Bb7 6. Nc3 Be7 7. h3 0-0 8. Bd3 d6 9. 0-0 Qe8 10. Qb3 Bxf3 11. gxf3 Qh5 12. Kg2 g5 13. Bg3 Kh8 14. Rh1 Rg8 15. f4 gxf4 16. exf4 Nc6 17. Nb5 e5 18. dxe5 dxe5 19. fxe5 Nxe5 20. Kf1 Rxg3 21. Be2 Rxb3 22. Bxh5 Rxb2 23. Be2 c6 24. Nd4 Bc5 25. Nxf5 Ne4 26. Rh2 Rf8 27. Nh6 Ng3+ 0-1

[Event "ESP-ch Veterans"]
[Site "Sabadell"]
[Date "2009.12.17"]
[Round "6"]
[White "Espau Guillem, Josep"]
[Black "Segura Vila, Juan L"]
[Result "1-0"]
[WhiteElo "2003"]
[BlackElo "2070"]
[PlyCount "90"]
[EventDate "2009.12.12"]
[EventType "swiss"]
[EventRounds "7"]
[EventCountry "ESP"]
[SourceTitle "CBM 133 Extra"]
[Source "ChessBase"]
[SourceDate "2010.01.05"]
[SourceVersion "1"]
[SourceVersionDate "2010.01.05"]
[SourceQuality "1"]

1. d4 f5 2. g3 Nf6 3. Bg2 e6 4. c4 Be7 5. Nf3 0-0 6. 0-0 d6 7. Nc3 Qe8 8. e3 c6 9. b4 e5 10. d5 Bd7 11. Rb1 Qh5 12. Nh4 Qh6 13. e4 f4 14. Nf5 Bxf5 15. exf5 Ne8 16. Qd3 Qf6 17. Be4 Qh6 18. gxf4 exf4 19. Ne2 Bg5 20. dxc6 Nxc6 21. Bxc6 bxc6 22. Qf3 Rxf5 23. Qxc6 Rd8 24. Rb3 Nf6 25. Qf3 Re8 26. Bb2 Ne4 27. Rd3 Bf6 28. Bxf6 Rxf6 29. Nd4 Ng5 30. Qd5+ Kh8 31. Nf3 Ne4 32. Qc6 Rfe6 33. c5 Qh3 34. Ne5 Rxe5 35. Rxh3 dxc5 36. bxc5 Nd2 37. Rd1 f3 38. Rxf3 Nxf3+ 39. Qxf3 Rxc5 40. Qf7 Rg5+ 41. Kf1 Rg8 42. Re1 h6 43. Re8 Rxe8 44. Qxe8+ Kh7 45. Qe4+ Rg6 1-0

[Event "Catalunya-ch Seniors"]
[Site "Andorra"]
[Date "2006.07.26"]
[Round "9"]
[White "Segura Vila, Juan L"]
[Black "Caballe Sasot, Roger"]
[Result "0-1"]
[WhiteElo "2099"]
[BlackElo "2102"]
[PlyCount "42"]
[EventDate "2006.07.18"]
[EventType "swiss"]
[EventRounds "9"]
[EventCountry "ESP"]
[SourceTitle "EXT 2019"]
[Source "ChessBase"]
[SourceDate "2018.10.10"]
[SourceVersion "1"]
[SourceVersionDate "2018.10.10"]
[SourceQuality "1"]

1. e4 c5 2. d4 cxd4 3. c3 dxc3 4. Nxc3 Nc6 5. Nf3 d6 6. Bc4 e6 7. 0-0 Nge7 8. Bg5 a6 9. Rc1 h6 10. Be3 Ng6 11. Nd4 Be7 12. f4 0-0 13. Qh5 Qa5 14. f5 Nxd4 15. Bxd4 Ne5 16. Bb3 Bd7 17. f6 Bxf6 18. Rxf6 gxf6 19. Qxh6 Ng4 20. Qf4 Qg5 21. Qxd6 Qxc1+ 0-1

[Event "Catalunya-ch Seniors"]
[Site "Andorra"]
[Date "2006.07.25"]
[Round "8"]
[White "Tejero Royo, Fermin"]
[Black "Segura Vila, Juan L"]
[Result "1-0"]
[WhiteElo "2163"]
[BlackElo "2099"]
[PlyCount "63"]
[EventDate "2006.07.18"]
[EventType "swiss"]
[EventRounds "9"]
[EventCountry "ESP"]
[SourceTitle "EXT 2019"]
[Source "ChessBase"]
[SourceDate "2018.10.10"]
[SourceVersion "1"]
[SourceVersionDate "2018.10.10"]
[SourceQuality "1"]

1. d4 f5 2. g3 Nf6 3. Bg2 e6 4. Nh3 Be7 5. 0-0 0-0 6. f3 d6 7. e4 fxe4 8. fxe4 e5 9. Nc3 c6 10. Nf2 Qe8 11. Be3 Qg6 12. Qe2 Ng4 13. Nxg4 Bxg4 14. Rxf8+ Bxf8 15. Qc4+ Qf7 16. d5 c5 17. Rf1 Qd7 18. h3 Bxh3 19. Rxf8+ Kxf8 20. Qf1+ Bf5 21. Bh3 g6 22. exf5 Qf7 23. fxg6 Qxf1+ 24. Kxf1 hxg6 25. Ne4 Na6 26. Nxd6 Rd8 27. Bh6+ Kg8 28. Be6+ Kh7 29. Nf7 Rb8 30. d6 Nb4 31. d7 Nc6 32. Bg5 1-0

[Event "Catalunya-ch Seniors"]
[Site "Andorra"]
[Date "2006.07.24"]
[Round "7"]
[White "Segura Vila, Juan L"]
[Black "Franquet Escriba, Joan"]
[Result "1/2-1/2"]
[WhiteElo "2099"]
[BlackElo "2171"]
[PlyCount "24"]
[EventDate "2006.07.18"]
[EventType "swiss"]
[EventRounds "9"]
[EventCountry "ESP"]
[SourceTitle "EXT 2019"]
[Source "ChessBase"]
[SourceDate "2018.10.10"]
[SourceVersion "1"]
[SourceVersionDate "2018.10.10"]
[SourceQuality "1"]

1. e4 c5 2. d4 cxd4 3. c3 d3 4. Bxd3 Nc6 5. f4 d6 6. Nf3 Nf6 7. Qe2 g6 8. Be3 Bg7 9. 0-0 0-0 10. Kh1 b6 11. Nbd2 Bb7 12. Rae1 Nd7 1/2-1/2

[Event "Barcelona Tres Peons op"]
[Site "Barcelona"]
[Date "1999.??.??"]
[Round "9"]
[White "Daguro Dasalla, Armando"]
[Black "Segura Vila, Juan L"]
[Result "0-1"]
[WhiteElo "2045"]
[BlackElo "2160"]
[PlyCount "81"]
[EventDate "1999.??.??"]
[EventType "swiss"]
[EventRounds "9"]
[EventCountry "ESP"]
[SourceTitle "EXT 2000"]
[Source "ChessBase"]
[SourceDate "1999.11.16"]
[SourceVersion "1"]
[SourceVersionDate "1999.11.16"]
[SourceQuality "1"]

1. d4 f5 2. Nf3 Nf6 3. g3 e6 4. Bg2 Be7 5. 0-0 0-0 6. c4 d6 7. Nc3 Qe8 8. b3 Qh5 9. e3 g5 10. Bb2 Ng4 11. Ne2 Nd7 12. h3 Nh6 13. Nh2 Nf6 14. Qc2 c6 15. Ba3 Bd7 16. f3 Rae8 17. Rad1 Kh8 18. Bb2 d5 19. c5 Bd8 20. Bc3 Bc7 21. Qb2 Qg6 22. Kh1 Nh5 23. Be1 f4 24. exf4 gxf4 25. Ng4 Nxg3+ 26. Nxg3 Nxg4 27. fxg4 fxg3 28. Bf3 Rf7 29. Qg2 Ref8 30. Bxg3 Bxg3 31. Qxg3 Qg7 32. Kg2 b6 33. b4 Rf4 34. Be2 e5 35. dxe5 Qxe5 36. Rde1 Qe4+ 37. Bf3 Qxb4 38. cxb6 axb6 39. Rb1 Qd4 40. Rfd1 Qf6 41. Rf1 0-1

[Event "Barcelona op rap"]
[Site "Barcelona"]
[Date "1996.12.14"]
[Round "3"]
[White "Segura Vila, Juan L"]
[Black "Tolda Andreu, Eloi"]
[Result "1-0"]
[WhiteElo "2180"]
[BlackElo "1970"]
[PlyCount "45"]
[EventDate "1996.12.??"]
[EventType "swiss (rapid)"]
[EventRounds "8"]
[EventCountry "ESP"]
[SourceTitle "EXT 2001"]
[Source "ChessBase"]
[SourceDate "2000.11.22"]
[SourceVersion "1"]
[SourceVersionDate "2000.11.22"]
[SourceQuality "1"]

1. e4 e5 2. Nf3 Nf6 3. Nxe5 d6 4. Nxf7 Kxf7 5. d4 Qe7 6. Nc3 Bg4 7. f3 Be6 8. Bg5 h6 9. Bh4 g5 10. Bf2 Bg7 11. Qd3 d5 12. 0-0-0 Nc6 13. exd5 Nxd5 14. Nxd5 Qd7 15. Nc3 Nb4 16. Qb5 Qe7 17. a3 c6 18. Qxb4 Qf6 19. Qxb7+ Kg6 20. Bd3+ Bf5 21. Bxf5+ Qxf5 22. Qxc6+ Kh7 23. Qe4 1-0

[Event "Gent Gran-ch"]
[Site "Gent Gran"]
[Date "1996.??.??"]
[Round "7"]
[White "Segura Vila, Juan L"]
[Black "Teixido Pascual, Juan"]
[Result "1-0"]
[WhiteElo "2200"]
[BlackElo "1940"]
[PlyCount "51"]
[EventDate "1996.??.??"]
[EventType "swiss"]
[EventRounds "9"]
[EventCountry "ESP"]
[SourceTitle "EXT 2003"]
[Source "ChessBase"]
[SourceDate "2002.11.25"]
[SourceVersion "1"]
[SourceVersionDate "2002.11.25"]
[SourceQuality "1"]

1. e4 e6 2. d4 d5 3. e5 c5 4. c3 Nc6 5. Nf3 cxd4 6. cxd4 Qb6 7. Bd3 Bd7 8. 0-0 Nxd4 9. Nxd4 Qxd4 10. Nc3 a6 11. Kh1 Bb4 12. f4 Bxc3 13. bxc3 Qxc3 14. Rb1 b5 15. Rb3 Qc7 16. Qg4 g6 17. Ba3 Qd8 18. Rc3 Ne7 19. Rfc1 0-0 20. Qg5 Re8 21. Qh6 d4 22. Bxg6 Nxg6 23. Rh3 Re7 24. Qxh7+ Kf8 25. Rg3 Ke8 26. Rxg6 1-0